00652nam a2200193Ia 4500952014600000999001700146003000400163005001700167008004100184020001800225040000900243082002200252100002500274245005500299260003200354300000900386650001300395942005000408 00102ddc40708SSaMESbMEScMALd2019-02-20g45.00l4m2o894.812301 PAD/Pp31920r2023-09-29 14:45:46s2023-09-27w2019-02-20yBKzGR30R3 c29236d29236OSt20201231134546.0190216s9999||||xx |||||||||||||| ||und|| a9788171304684 coclc a894.812301bPAD/P aPadmanabhan, T97032 0aPrakasham Parathunna Oru Penkutty /cT Padmanabhan bDc Books,aKottayam:c2006. a123p aKathakal cBK2ddch894.812301iPAD/Pk894.812301mPAD/P